Můj Ahasver /

Hlavní autor: Vrba, Pavel, 1938-2011
Další autoři: Pacák, Jan Antonín, 1941-2007
Jazyk: Čeština
Vydáno: Praha : Primus, 2003
Témata:
Externí odkaz: Digitalizovaný dokument
Fyzický popis: 45 s. : il. ; 21 cm
Knihy
Uloženo v:
LEADER 01051nam a2200289 a 4500
001 000672010
003 CZ BrMZK
005 20081021111202.0
007 ta
008 030529s2003 xr a g 000 p cze d
015 |a cnb001242752 
020 |a 80-86207-58-7  |q (brož.) 
035 |a (OCoLC)62506754 
040 |a ABA001  |b cze  |d BOA001 
072 7 |a 821.162.3-1  |x Česká poezie  |2 Konspekt  |9 25 
080 |a 821.162.3-1  |2 MRF 
080 |a (0:82-1)  |2 MRF 
100 1 |a Vrba, Pavel,  |d 1938-2011  |7 jk01150980  |4 aut 
245 1 0 |a Můj Ahasver /  |c Pavel Vrba ; [ilustrace Jan Antonín Pacák] 
260 |a Praha :  |b Primus,  |c 2003 
300 |a 45 s. :  |b il. ;  |c 21 cm 
655 7 |a česká poezie  |7 fd133958  |2 czenas 
700 1 |a Pacák, Jan Antonín,  |d 1941-2007  |7 jn19990216134  |4 ill 
856 4 1 |u http://www.digitalniknihovna.cz/mzk/uuid/uuid:59611d00-4acb-11e3-ad8c-005056827e52  |y Digitalizovaný dokument  |x NDK 
910 |a BOA001  |b 2-1119.320 
990 |a BK 
996 6 |b 2610191322  |c 2-1119.320  |l MZK  |r Sklad / do 1 hodiny  |n 2  |p p.v.  |w 000672010  |u 000010  |a 1  |e BOA001  |j MZK50  |s P